100 joueurs français avec la plus grosse valeur marchande - Statistiques

Statistiques générales
  • Ce quiz a été pris 977 fois
    383 depuis la dernière actualisation
  • Le résultat moyen est 52 sur 100
Statistiques - réponses
Club Prix Réponse % Correct
Real Madrid 180 millions Kylian Mbappé
100%
Real Madrid 100 millions Aurélien Tchouaméni
97%
Real Madrid 100 millions Eduardo Camavinga
97%
Arsenal 80 millions William Saliba
96%
Juventus 35 millions Kephren Thuram
95%
Paris SG 40 millions Lucas Hernandez
95%
Inter Milan 65 millions Marcus Thuram
95%
Al-Ettifaq 12 millions Moussa Dembele
95%
Paris SG 60 millions Ousmane Dembele
95%
Milan AC 60 millions Théo Hernandez
95%
Paris SG 50 millions Bradley Barcola
91%
Inter Milan 50 millions Benjamin Pavard
90%
Bayern Munich 45 millions Dayot Upamecano
90%
Liverpool 45 millions Ibrahima Konaté
90%
FC Barcelone 45 millions Jules Koundé
89%
Chelsea 65 millions Christopher Nkunku
86%
Milan AC 38 millions Mike Maignan
86%
Bayern Munich 50 millions Kingsley Coman
85%
Bayern Munich 55 millions Michael Olise
85%
Paris SG 45 millions Randal Kolo Muani
84%
Paris SG 60 millions Warren ZaÏre-Emery
84%
Chelsea 25 millions Wesley Fofana
82%
Milan AC 30 millions Youssouf Fofana
82%
Atletico Madrid 25 millions Antoine Griezmann
81%
Al-Ittihad 10 millions Karim Benzema
80%
Al-Ittihad 55 millions Moussa Diaby
79%
Real Madrid 22 millions Ferland Mendy
76%
Sans club 35 millions Adrien Rabiot
75%
Chelsea 40 millions Axel Disasi
70%
Lazio Rome 25 millions Mattéo Guendouzi
69%
Olympique Lyonnais 25 millions Rayan Cherki
69%
Manchester United 50 millions Leny Yoro
67%
Chelsea 30 millions Benoit Badiashile
65%
Aston Villa 38 millions Boubacar Kamara
65%
Paris SG 30 millions Désiré Doué
65%
Chelsea 35 millions Malo Gusto
65%
Aston Villa 12 millions Lucas Digne
64%
Bayern Munich 40 millions Mathys Tel
61%
Paris SG 12 millions Presnel Kimpembe
61%
West Ham 10 millions Alphonse Areola
60%
RC Lens 15 millions Brice Samba
59%
LOSC Lille 25 millions Lucas Chevalier
59%
Crystal Palace 20 millions Jean-Philippe Mateta
54%
OGC Nice 12 millions Jonathan Clauss
54%
RB Leipzig 40 millions Castello Lukeba
53%
Bayer Leverkusen 20 millions Martin Terrier
53%
Olympique de Marseille 35 millions Elye Wahi
52%
Eintracht Frankfurt 20 millions Hugo Ekitiké
52%
Olympique de Marseille 15 millions Jordan Veretout
52%
Borussia Monchengladbach 20 millions Manu Koné
52%
Cômo 20 millions Raphaël Varane
52%
Betis Seville 10 millions Nabil Fekir
51%
Olympique de Marseille 12 millions Valentin Rongier
51%
Atletico Madrid 10 millions Thomas Lemar
47%
Stade Rennais 20 millions Arnaud Kalimuendo
43%
Olympique Lyonnais 20 millions Maxence Caqueret
43%
West Ham 25 millions Kurt Zouma
41%
RB Leipzig 35 millions Mohamed Simakan
41%
Milan AC 20 millions Pierre Kalulu
41%
FC Barcelone 10 millions Clément Lenglet
40%
AS Monaco 25 millions Maghnes Akliouche
40%
West Ham 35 millions Jean-Clair Todibo
39%
Toulouse FC 18 millions Guillaume Restes
38%
Stade Rennais 18 millions Benjamin Bourigeaud
37%
VFB Stuttgart 30 millions Enzo Millot
37%
Stade Rennais 18 millions Adrien Truffert
36%
Paris SG 10 millions Nordi Mukiele
36%
Bayern Munich 18 millions Sacha Boey
35%
Milan AC 15 millions Yacine Adli
35%
AS Rome 18 millions Enzo Le Fée
34%
Leeds United 18 millions Illan Meslier
32%
Sans club 10 millions Anthony Martial
31%
Fulham 20 millions Issa Diop
31%
Fiorentina 10 millions Jonathan Ikoné
31%
Seville FC 14 millions LoÏc Badé
31%
OGC Nice 10 millions Gaëtan Laborde
30%
Stade Brestois 10 millions Mahdi Camara
29%
Stade Rennais 15 millions Ludovic Blas
28%
Wolfsburg 20 millions Maxence Lacroix
28%
PSV Eindhoven 27 millions Olivier Boscagli
28%
Fenerbahce 18 millions Allan Saint-Maximin
27%
Stade Brestois 10 millions Romain Del Castillo
27%
Brighton 18 millions Georginio Rutter
26%
LOSC Lille 18 millions Bafodé Diakité
23%
Everton 12 millions Neal Maupay
22%
FC Lorient 15 millions Eli Junior Kroupi
21%
Olympique de Marseille 12 millions Lilian Brassier
21%
Southampton 25 millions Lesley Ugochukwu
19%
Stade Brestois 12 millions Bradley Locko
18%
OGC Nice 12 millions Melvin Bard
18%
Crystal Palace 18 millions Odsonne Edouard
15%
Stade Brestois 15 millions Romain Faivre
15%
Stade Rennais 10 millions Baptiste Santamaria
12%
Leicester 14 millions Boubakary Soumaré
12%
Wolves 15 millions Jean-Ricner Bellegarde
12%
Eintracht Frankfurt 12 millions Junior Dina Ebimbe
11%
RB Leipzig 12 millions El Chadaille Bitshiabu
10%
Borussia Monchengladbach 12 millions Frank Honorat
10%
Fribourg 15 millions Kiliann Sildillia
9%
VFB Stuttgart 10 millions Dan-Axel Zagadou
6%
Aucun quiz correspondant
Distribution des résultats
% des personnes avec chaque résultat
Percentile par nombre de réponses
Votre historique - résultats
Vous n’avez pas pris ce quiz depuis la dernière actualisation